<?xml version="1.0" encoding="UTF-8"?>
<collection xmlns="http://www.loc.gov/MARC21/slim">
<record>
  <controlfield tag="001">157242</controlfield>
  <controlfield tag="005">20250904102515.0</controlfield>
  <datafield tag="037" ind1=" " ind2=" ">
    <subfield code="a">GDOC-2024-26578</subfield>
  </datafield>
  <datafield tag="970" ind1=" " ind2=" ">
    <subfield code="a">GDOC-2024-26578</subfield>
  </datafield>
  <datafield tag="041" ind1=" " ind2=" ">
    <subfield code="a">spa</subfield>
  </datafield>
  <datafield tag="041" ind1=" " ind2=" ">
    <subfield code="a">eng</subfield>
  </datafield>
  <datafield tag="540" ind1=" " ind2=" ">
    <subfield code="a">by-nc-sa</subfield>
    <subfield code="b">Creative Commons</subfield>
    <subfield code="c">3.0</subfield>
    <subfield code="u">http://creativecommons.org/licenses/by-nc-sa/3.0/</subfield>
  </datafield>
  <datafield tag="260" ind1=" " ind2=" ">
    <subfield code="a">Zaragoza</subfield>
    <subfield code="b">Universidad de Zaragoza</subfield>
    <subfield code="c">2024-2025</subfield>
  </datafield>
  <datafield tag="245" ind1="0" ind2="0">
    <subfield code="9">26578</subfield>
    <subfield code="a">Trabajo fin de Grado</subfield>
  </datafield>
  <datafield tag="242" ind1="0" ind2="0">
    <subfield code="9">26578</subfield>
    <subfield code="a">Undergraduate Dissertation</subfield>
  </datafield>
  <datafield tag="100" ind1=" " ind2=" ">
    <subfield code="0">(orcid)0000-0001-5273-4282</subfield>
    <subfield code="a">Javier Aceña, Medina</subfield>
    <subfield code="1">467994</subfield>
  </datafield>
  <datafield tag="700" ind1=" " ind2=" ">
    <subfield code="a">Manuel Alcaraz, Iborra</subfield>
    <subfield code="1">811536</subfield>
  </datafield>
  <datafield tag="700" ind1=" " ind2=" ">
    <subfield code="0">(orcid)0000-0002-5804-8571</subfield>
    <subfield code="a">Ana Silvia Altabás, del Río</subfield>
    <subfield code="1">414256</subfield>
  </datafield>
  <datafield tag="700" ind1=" " ind2=" ">
    <subfield code="0">(orcid)0000-0002-3649-4984</subfield>
    <subfield code="a">Silvia Anzano, Oto</subfield>
    <subfield code="1">499321</subfield>
  </datafield>
  <datafield tag="700" ind1=" " ind2=" ">
    <subfield code="0">(orcid)0000-0001-9552-3952</subfield>
    <subfield code="a">Isabel Aparicio, García</subfield>
    <subfield code="1">485604</subfield>
  </datafield>
  <datafield tag="700" ind1=" " ind2=" ">
    <subfield code="a">Ana  María Aragües, Díaz</subfield>
    <subfield code="1">522686</subfield>
  </datafield>
  <datafield tag="700" ind1=" " ind2=" ">
    <subfield code="a">María Belén Arellano, Berraquero</subfield>
    <subfield code="1">342371</subfield>
  </datafield>
  <datafield tag="700" ind1=" " ind2=" ">
    <subfield code="a">Luis Arilla, Miguel</subfield>
    <subfield code="1">346227</subfield>
  </datafield>
  <datafield tag="700" ind1=" " ind2=" ">
    <subfield code="a">Andrea Ariño, Bizarro</subfield>
    <subfield code="1">666042</subfield>
  </datafield>
  <datafield tag="700" ind1=" " ind2=" ">
    <subfield code="0">(orcid)0009-0006-4065-895X</subfield>
    <subfield code="a">Rafael Vicente Arnal, Rodrigo</subfield>
    <subfield code="1">391066</subfield>
  </datafield>
  <datafield tag="700" ind1=" " ind2=" ">
    <subfield code="0">(orcid)0000-0002-1431-3927</subfield>
    <subfield code="a">Alberto José Ballarín, Tarrés</subfield>
    <subfield code="1">362647</subfield>
  </datafield>
  <datafield tag="700" ind1=" " ind2=" ">
    <subfield code="0">(orcid)0000-0003-1779-6829</subfield>
    <subfield code="a">María Teresa Barea, García</subfield>
    <subfield code="1">131218</subfield>
  </datafield>
  <datafield tag="700" ind1=" " ind2=" ">
    <subfield code="0">(orcid)0000-0001-6887-6277</subfield>
    <subfield code="a">Juan Ramón Barrada, González</subfield>
    <subfield code="1">391171</subfield>
  </datafield>
  <datafield tag="700" ind1=" " ind2=" ">
    <subfield code="0">(orcid)0000-0003-4732-4128</subfield>
    <subfield code="a">Luis del Barrio, Aranda</subfield>
    <subfield code="1">322986</subfield>
  </datafield>
  <datafield tag="700" ind1=" " ind2=" ">
    <subfield code="0">(orcid)0000-0003-0786-535X</subfield>
    <subfield code="a">María Beltrán, Ruiz</subfield>
    <subfield code="1">627214</subfield>
  </datafield>
  <datafield tag="700" ind1=" " ind2=" ">
    <subfield code="0">(orcid)0000-0003-3762-9374</subfield>
    <subfield code="a">Marta Bestué, Laguna</subfield>
    <subfield code="1">594198</subfield>
  </datafield>
  <datafield tag="700" ind1=" " ind2=" ">
    <subfield code="0">(orcid)0000-0002-2743-6571</subfield>
    <subfield code="a">Irene Bitrián, González</subfield>
    <subfield code="1">538577</subfield>
  </datafield>
  <datafield tag="700" ind1=" " ind2=" ">
    <subfield code="a">Patricia Bosch, Sánchez</subfield>
    <subfield code="1">781114</subfield>
  </datafield>
  <datafield tag="700" ind1=" " ind2=" ">
    <subfield code="0">(orcid)0000-0003-2743-2965</subfield>
    <subfield code="a">María Ángeles Bravo, Álvarez</subfield>
    <subfield code="1">341780</subfield>
  </datafield>
  <datafield tag="700" ind1=" " ind2=" ">
    <subfield code="a">Paula Buil, Beltrán</subfield>
    <subfield code="1">631434</subfield>
  </datafield>
  <datafield tag="700" ind1=" " ind2=" ">
    <subfield code="a">Itxaso Cabrera, Gil</subfield>
    <subfield code="1">578054</subfield>
  </datafield>
  <datafield tag="700" ind1=" " ind2=" ">
    <subfield code="0">(orcid)0000-0001-5616-3747</subfield>
    <subfield code="a">Martín Caeiro, Rodríguez</subfield>
    <subfield code="1">837128</subfield>
  </datafield>
  <datafield tag="700" ind1=" " ind2=" ">
    <subfield code="0">(orcid)0000-0002-5753-7680</subfield>
    <subfield code="a">Virginia Calvo, Valios</subfield>
    <subfield code="1">328467</subfield>
  </datafield>
  <datafield tag="700" ind1=" " ind2=" ">
    <subfield code="0">(orcid)0000-0001-9903-4064</subfield>
    <subfield code="a">Daniel Campos, Bacas</subfield>
    <subfield code="1">782199</subfield>
  </datafield>
  <datafield tag="700" ind1=" " ind2=" ">
    <subfield code="0">(orcid)0000-0003-2039-031X</subfield>
    <subfield code="a">Iris Orosia Campos, Bandrés</subfield>
    <subfield code="1">579248</subfield>
  </datafield>
  <datafield tag="700" ind1=" " ind2=" ">
    <subfield code="0">(orcid)0000-0001-7484-0262</subfield>
    <subfield code="a">Reina Lucila Castellanos, Vega</subfield>
    <subfield code="1">507628</subfield>
  </datafield>
  <datafield tag="700" ind1=" " ind2=" ">
    <subfield code="0">(orcid)0000-0003-2515-9029</subfield>
    <subfield code="a">Ana Belén Cebollero, Salinas</subfield>
    <subfield code="1">333083</subfield>
  </datafield>
  <datafield tag="700" ind1=" " ind2=" ">
    <subfield code="0">(orcid)0000-0002-2816-6024</subfield>
    <subfield code="a">María de la Esperanza Cid, Romero</subfield>
    <subfield code="1">144350</subfield>
  </datafield>
  <datafield tag="700" ind1=" " ind2=" ">
    <subfield code="0">(orcid)0009-0000-2544-6170</subfield>
    <subfield code="a">Sheila Erika Coral, Aguilar</subfield>
    <subfield code="1">586916</subfield>
  </datafield>
  <datafield tag="700" ind1=" " ind2=" ">
    <subfield code="0">(orcid)0000-0002-1354-6956</subfield>
    <subfield code="a">Rubén Cristóbal, Hornillos</subfield>
    <subfield code="1">424283</subfield>
  </datafield>
  <datafield tag="700" ind1=" " ind2=" ">
    <subfield code="a">Rocío de Torre, Ceijas</subfield>
    <subfield code="1">904358</subfield>
  </datafield>
  <datafield tag="700" ind1=" " ind2=" ">
    <subfield code="0">(orcid)0000-0001-9650-4745</subfield>
    <subfield code="a">Magali Yael Denoni, Buján</subfield>
    <subfield code="1">638551</subfield>
  </datafield>
  <datafield tag="700" ind1=" " ind2=" ">
    <subfield code="0">(orcid)0000-0002-7262-896X</subfield>
    <subfield code="a">Belén María Dieste, Gracia</subfield>
    <subfield code="1">408128</subfield>
  </datafield>
  <datafield tag="700" ind1=" " ind2=" ">
    <subfield code="0">(orcid)0000-0002-5029-0953</subfield>
    <subfield code="a">Belén Díez, Atienza</subfield>
    <subfield code="1">565119</subfield>
  </datafield>
  <datafield tag="700" ind1=" " ind2=" ">
    <subfield code="0">(orcid)0000-0001-8827-5903</subfield>
    <subfield code="a">Ana Diez-Barturen, LLombart</subfield>
    <subfield code="1">431401</subfield>
  </datafield>
  <datafield tag="700" ind1=" " ind2=" ">
    <subfield code="0">(orcid)0000-0001-7620-6660</subfield>
    <subfield code="a">Virginia Domingo, Cebrián</subfield>
    <subfield code="1">490198</subfield>
  </datafield>
  <datafield tag="700" ind1=" " ind2=" ">
    <subfield code="0">(orcid)0000-0002-6950-195X</subfield>
    <subfield code="a">Elena Domper, Buil</subfield>
    <subfield code="1">650992</subfield>
  </datafield>
  <datafield tag="700" ind1=" " ind2=" ">
    <subfield code="a">Ana Belén Echevarría, del Álamo</subfield>
    <subfield code="1">331648</subfield>
  </datafield>
  <datafield tag="700" ind1=" " ind2=" ">
    <subfield code="0">(orcid)0000-0002-2488-4969</subfield>
    <subfield code="a">Francisco Eguinoa, Zaborras</subfield>
    <subfield code="1">383413</subfield>
  </datafield>
  <datafield tag="700" ind1=" " ind2=" ">
    <subfield code="0">(orcid)0000-0002-4165-6183</subfield>
    <subfield code="a">María Enfedaque, Sancho</subfield>
    <subfield code="1">520150</subfield>
  </datafield>
  <datafield tag="700" ind1=" " ind2=" ">
    <subfield code="a">José Antonio Escrig, Aparicio</subfield>
    <subfield code="1">416011</subfield>
  </datafield>
  <datafield tag="700" ind1=" " ind2=" ">
    <subfield code="a">María Esteban, Civera</subfield>
    <subfield code="1">191568</subfield>
  </datafield>
  <datafield tag="700" ind1=" " ind2=" ">
    <subfield code="a">Eva María Fajarnés, Gabás</subfield>
    <subfield code="1">101014</subfield>
  </datafield>
  <datafield tag="700" ind1=" " ind2=" ">
    <subfield code="0">(orcid)0000-0002-7686-5209</subfield>
    <subfield code="a">Carolina Falcón, Linares</subfield>
    <subfield code="1">471197</subfield>
  </datafield>
  <datafield tag="700" ind1=" " ind2=" ">
    <subfield code="a">Eduardo Felipe, Gimeno</subfield>
    <subfield code="1">588730</subfield>
  </datafield>
  <datafield tag="700" ind1=" " ind2=" ">
    <subfield code="0">(orcid)0009-0008-6480-5867</subfield>
    <subfield code="a">Guillem Fernández, Catalán</subfield>
    <subfield code="1">760299</subfield>
  </datafield>
  <datafield tag="700" ind1=" " ind2=" ">
    <subfield code="0">(orcid)0000-0001-9640-5560</subfield>
    <subfield code="a">Jesús Gerardo Franco, Calvo</subfield>
    <subfield code="1">180512</subfield>
  </datafield>
  <datafield tag="700" ind1=" " ind2=" ">
    <subfield code="0">(orcid)0000-0002-0493-1641</subfield>
    <subfield code="a">Ricardo Fueyo, Díaz</subfield>
    <subfield code="1">385035</subfield>
  </datafield>
  <datafield tag="700" ind1=" " ind2=" ">
    <subfield code="a">Carlos Galé, Ansodi</subfield>
    <subfield code="1">547876</subfield>
  </datafield>
  <datafield tag="700" ind1=" " ind2=" ">
    <subfield code="0">(orcid)0000-0002-1921-5074</subfield>
    <subfield code="a">Fermín Eduardo García, Esteban</subfield>
    <subfield code="1">131507</subfield>
  </datafield>
  <datafield tag="700" ind1=" " ind2=" ">
    <subfield code="a">María Pilar García, Pardo</subfield>
    <subfield code="1">753356</subfield>
  </datafield>
  <datafield tag="700" ind1=" " ind2=" ">
    <subfield code="0">(orcid)0000-0001-9328-8880</subfield>
    <subfield code="a">Juan García, Collazos</subfield>
    <subfield code="1">347488</subfield>
  </datafield>
  <datafield tag="700" ind1=" " ind2=" ">
    <subfield code="0">(orcid)0000-0001-9111-1627</subfield>
    <subfield code="a">María Elena Gil, Clemente</subfield>
    <subfield code="1">135371</subfield>
  </datafield>
  <datafield tag="700" ind1=" " ind2=" ">
    <subfield code="a">Laura Gómez, Terrer</subfield>
    <subfield code="1">544816</subfield>
  </datafield>
  <datafield tag="700" ind1=" " ind2=" ">
    <subfield code="0">(orcid)0000-0003-4102-3607</subfield>
    <subfield code="a">Isaac Gómez, Laguna</subfield>
    <subfield code="1">406252</subfield>
  </datafield>
  <datafield tag="700" ind1=" " ind2=" ">
    <subfield code="0">(orcid)0000-0002-4084-8124</subfield>
    <subfield code="a">Carlos David Gómez, Carmona</subfield>
    <subfield code="1">947449</subfield>
  </datafield>
  <datafield tag="700" ind1=" " ind2=" ">
    <subfield code="0">(orcid)0000-0002-7807-4777</subfield>
    <subfield code="a">Arasy González, Milea</subfield>
    <subfield code="1">947904</subfield>
  </datafield>
  <datafield tag="700" ind1=" " ind2=" ">
    <subfield code="a">Laura Gracia, Sánchez</subfield>
    <subfield code="1">526237</subfield>
  </datafield>
  <datafield tag="700" ind1=" " ind2=" ">
    <subfield code="0">(orcid)0009-0002-8644-0615</subfield>
    <subfield code="a">Marina Hernández, Royo</subfield>
    <subfield code="1">666561</subfield>
  </datafield>
  <datafield tag="700" ind1=" " ind2=" ">
    <subfield code="0">(orcid)0000-0002-0247-1573</subfield>
    <subfield code="a">Lucía Hernández, Heras</subfield>
    <subfield code="1">680697</subfield>
  </datafield>
  <datafield tag="700" ind1=" " ind2=" ">
    <subfield code="0">(orcid)0000-0003-2088-4272</subfield>
    <subfield code="a">Paola Herrera, Mercadal</subfield>
    <subfield code="1">538589</subfield>
  </datafield>
  <datafield tag="700" ind1=" " ind2=" ">
    <subfield code="0">(orcid)0000-0001-6987-6607</subfield>
    <subfield code="a">Rocío Herrero, Camarano</subfield>
    <subfield code="1">864826</subfield>
  </datafield>
  <datafield tag="700" ind1=" " ind2=" ">
    <subfield code="0">(orcid)0000-0003-0779-5881</subfield>
    <subfield code="a">Alicia Izquierdo, Gómez</subfield>
    <subfield code="1">363265</subfield>
  </datafield>
  <datafield tag="700" ind1=" " ind2=" ">
    <subfield code="0">(orcid)0000-0002-5629-5894</subfield>
    <subfield code="a">Eva María Jiménez, Andújar</subfield>
    <subfield code="1">864805</subfield>
  </datafield>
  <datafield tag="700" ind1=" " ind2=" ">
    <subfield code="0">(orcid)0000-0002-8818-5083</subfield>
    <subfield code="a">Víctor Manuel Juan, Borroy</subfield>
    <subfield code="1">143837</subfield>
  </datafield>
  <datafield tag="700" ind1=" " ind2=" ">
    <subfield code="0">(orcid)0000-0003-0854-4232</subfield>
    <subfield code="a">Víctor Manuel Lacambra, Gambau</subfield>
    <subfield code="1">370800</subfield>
  </datafield>
  <datafield tag="700" ind1=" " ind2=" ">
    <subfield code="0">(orcid)0000-0002-4783-3953</subfield>
    <subfield code="a">Enrique Lafuente, Millán</subfield>
    <subfield code="1">323076</subfield>
  </datafield>
  <datafield tag="700" ind1=" " ind2=" ">
    <subfield code="0">(orcid)0000-0002-2876-1579</subfield>
    <subfield code="a">Francisco José Lafuente, Pérez</subfield>
    <subfield code="1">330178</subfield>
  </datafield>
  <datafield tag="700" ind1=" " ind2=" ">
    <subfield code="a">Jorge Diego Lahoza, Pérez</subfield>
    <subfield code="1">445969</subfield>
  </datafield>
  <datafield tag="700" ind1=" " ind2=" ">
    <subfield code="0">(orcid)0000-0001-9476-8472</subfield>
    <subfield code="a">Daniel Laliena, Cantero</subfield>
    <subfield code="1">682206</subfield>
  </datafield>
  <datafield tag="700" ind1=" " ind2=" ">
    <subfield code="0">(orcid)0009-0009-5682-4571</subfield>
    <subfield code="a">Jorge Lario, Quilez</subfield>
    <subfield code="1">611922</subfield>
  </datafield>
  <datafield tag="700" ind1=" " ind2=" ">
    <subfield code="0">(orcid)0000-0001-7091-2855</subfield>
    <subfield code="a">Natalia Larraz, Rábanos</subfield>
    <subfield code="1">434706</subfield>
  </datafield>
  <datafield tag="700" ind1=" " ind2=" ">
    <subfield code="a">Lorién Lascorz, Lozano</subfield>
    <subfield code="1">621170</subfield>
  </datafield>
  <datafield tag="700" ind1=" " ind2=" ">
    <subfield code="0">(orcid)0000-0002-5170-9074</subfield>
    <subfield code="a">Pilar Lasheras, Lalana</subfield>
    <subfield code="1">649096</subfield>
  </datafield>
  <datafield tag="700" ind1=" " ind2=" ">
    <subfield code="a">Abel López, Busto</subfield>
    <subfield code="1">950115</subfield>
  </datafield>
  <datafield tag="700" ind1=" " ind2=" ">
    <subfield code="0">(orcid)0000-0002-2625-2201</subfield>
    <subfield code="a">Ana Virginia López, Fuentes</subfield>
    <subfield code="1">725604</subfield>
  </datafield>
  <datafield tag="700" ind1=" " ind2=" ">
    <subfield code="0">(orcid)0000-0003-3072-7318</subfield>
    <subfield code="a">Pedro Clemente Lucha, López</subfield>
    <subfield code="1">421203</subfield>
  </datafield>
  <datafield tag="700" ind1=" " ind2=" ">
    <subfield code="0">(orcid)0000-0001-5430-0672</subfield>
    <subfield code="a">Elena María Mallén, Martín</subfield>
    <subfield code="1">320450</subfield>
  </datafield>
  <datafield tag="700" ind1=" " ind2=" ">
    <subfield code="0">(orcid)0000-0003-4002-0789</subfield>
    <subfield code="a">Jorge Mancebón, Gil</subfield>
    <subfield code="1">567018</subfield>
  </datafield>
  <datafield tag="700" ind1=" " ind2=" ">
    <subfield code="0">(orcid)0000-0002-4683-185X</subfield>
    <subfield code="a">Montserrat Manrique, Marugán</subfield>
    <subfield code="1">391353</subfield>
  </datafield>
  <datafield tag="700" ind1=" " ind2=" ">
    <subfield code="0">(orcid)0000-0001-5485-881X</subfield>
    <subfield code="a">Celia Marcén, Muñío</subfield>
    <subfield code="1">323142</subfield>
  </datafield>
  <datafield tag="700" ind1=" " ind2=" ">
    <subfield code="0">(orcid)0000-0002-9225-4467</subfield>
    <subfield code="a">Beatriz Marcos, Marín</subfield>
    <subfield code="1">391292</subfield>
  </datafield>
  <datafield tag="700" ind1=" " ind2=" ">
    <subfield code="0">(orcid)0000-0002-1943-340X</subfield>
    <subfield code="a">Héctor Marín, Manrique</subfield>
    <subfield code="1">391516</subfield>
  </datafield>
  <datafield tag="700" ind1=" " ind2=" ">
    <subfield code="0">(orcid)0009-0000-0938-8361</subfield>
    <subfield code="a">María Lidia Martin, Ronco</subfield>
    <subfield code="1">308165</subfield>
  </datafield>
  <datafield tag="700" ind1=" " ind2=" ">
    <subfield code="0">(orcid)0000-0002-2247-0826</subfield>
    <subfield code="a">Jorge Martín, García</subfield>
    <subfield code="1">790991</subfield>
  </datafield>
  <datafield tag="700" ind1=" " ind2=" ">
    <subfield code="0">(orcid)0000-0002-2247-0826</subfield>
    <subfield code="a">Jorge Martín, García</subfield>
    <subfield code="1">790991</subfield>
  </datafield>
  <datafield tag="700" ind1=" " ind2=" ">
    <subfield code="0">(orcid)0000-0002-7565-8400</subfield>
    <subfield code="a">Mónica Martín, Carpio</subfield>
    <subfield code="1">509677</subfield>
  </datafield>
  <datafield tag="700" ind1=" " ind2=" ">
    <subfield code="0">(orcid)0000-0003-2082-8115</subfield>
    <subfield code="a">Verónica Martínez, Borba</subfield>
    <subfield code="1">895964</subfield>
  </datafield>
  <datafield tag="700" ind1=" " ind2=" ">
    <subfield code="0">(orcid)0000-0001-5899-7067</subfield>
    <subfield code="a">Javier Martínez, Aznar</subfield>
    <subfield code="1">535862</subfield>
  </datafield>
  <datafield tag="700" ind1=" " ind2=" ">
    <subfield code="0">(orcid)0000-0001-9887-2250</subfield>
    <subfield code="a">Barbara Maria Masluk,  </subfield>
    <subfield code="1">623751</subfield>
  </datafield>
  <datafield tag="700" ind1=" " ind2=" ">
    <subfield code="0">(orcid)0000-0002-2597-7585</subfield>
    <subfield code="a">Ester Mateo, González</subfield>
    <subfield code="1">422344</subfield>
  </datafield>
  <datafield tag="700" ind1=" " ind2=" ">
    <subfield code="0">(orcid)0000-0003-2672-5301</subfield>
    <subfield code="a">María Angeles Millán, Muñío</subfield>
    <subfield code="1">136707</subfield>
  </datafield>
  <datafield tag="700" ind1=" " ind2=" ">
    <subfield code="a">Carolina Miranda de, Oliveira</subfield>
    <subfield code="1">950094</subfield>
  </datafield>
  <datafield tag="700" ind1=" " ind2=" ">
    <subfield code="a">Beatriz Morales, Torreblanca</subfield>
    <subfield code="1">696725</subfield>
  </datafield>
  <datafield tag="700" ind1=" " ind2=" ">
    <subfield code="0">(orcid)0000-0001-7652-2866</subfield>
    <subfield code="a">Alejandro Moreno, Azze</subfield>
    <subfield code="1">499267</subfield>
  </datafield>
  <datafield tag="700" ind1=" " ind2=" ">
    <subfield code="a">Héctor Morillo, Sarto</subfield>
    <subfield code="1">564114</subfield>
  </datafield>
  <datafield tag="700" ind1=" " ind2=" ">
    <subfield code="0">(orcid)0000-0002-8713-4591</subfield>
    <subfield code="a">José María Muñoz, Escolano</subfield>
    <subfield code="1">463969</subfield>
  </datafield>
  <datafield tag="700" ind1=" " ind2=" ">
    <subfield code="a">Isabel Mur, Espuña</subfield>
    <subfield code="1">468934</subfield>
  </datafield>
  <datafield tag="700" ind1=" " ind2=" ">
    <subfield code="a">María Carmen Naval, Subías</subfield>
    <subfield code="1">136442</subfield>
  </datafield>
  <datafield tag="700" ind1=" " ind2=" ">
    <subfield code="0">(orcid)0000-0003-4842-0453</subfield>
    <subfield code="a">María Teresa Navarro, Gil</subfield>
    <subfield code="1">547608</subfield>
  </datafield>
  <datafield tag="700" ind1=" " ind2=" ">
    <subfield code="0">(orcid)0000-0001-9678-6447</subfield>
    <subfield code="a">Alberto Nolasco, Hernández</subfield>
    <subfield code="1">443204</subfield>
  </datafield>
  <datafield tag="700" ind1=" " ind2=" ">
    <subfield code="0">(orcid)0000-0002-8897-8024</subfield>
    <subfield code="a">Alfonso Ollero, Gavín</subfield>
    <subfield code="1">681769</subfield>
  </datafield>
  <datafield tag="700" ind1=" " ind2=" ">
    <subfield code="0">(orcid)0000-0001-6492-2248</subfield>
    <subfield code="a">Santos Orejudo, Hernández</subfield>
    <subfield code="1">390096</subfield>
  </datafield>
  <datafield tag="700" ind1=" " ind2=" ">
    <subfield code="a">Estefanía Ortas, de Haro</subfield>
    <subfield code="1">697699</subfield>
  </datafield>
  <datafield tag="700" ind1=" " ind2=" ">
    <subfield code="a">Zulema Oval, Trujillo</subfield>
    <subfield code="1">950205</subfield>
  </datafield>
  <datafield tag="700" ind1=" " ind2=" ">
    <subfield code="0">(orcid)0000-0003-3459-5965</subfield>
    <subfield code="a">Miguel Ángel Pallarés, Jiménez</subfield>
    <subfield code="1">150992</subfield>
  </datafield>
  <datafield tag="700" ind1=" " ind2=" ">
    <subfield code="a">María de los Ángeles Palomar, García</subfield>
    <subfield code="1">526302</subfield>
  </datafield>
  <datafield tag="700" ind1=" " ind2=" ">
    <subfield code="0">(orcid)0000-0003-1969-2142</subfield>
    <subfield code="a">Luis Miguel Pascual, Orts</subfield>
    <subfield code="1">390967</subfield>
  </datafield>
  <datafield tag="700" ind1=" " ind2=" ">
    <subfield code="0">(orcid)0000-0003-4425-0864</subfield>
    <subfield code="a">Julián Bernardo Pelegrín, Campo</subfield>
    <subfield code="1">141599</subfield>
  </datafield>
  <datafield tag="700" ind1=" " ind2=" ">
    <subfield code="0">(orcid)0000-0001-8928-7295</subfield>
    <subfield code="a">Silvia Pellicer, Ortín</subfield>
    <subfield code="1">512694</subfield>
  </datafield>
  <datafield tag="700" ind1=" " ind2=" ">
    <subfield code="a">Marialys Perdomo, Carmona</subfield>
    <subfield code="1">703870</subfield>
  </datafield>
  <datafield tag="700" ind1=" " ind2=" ">
    <subfield code="0">(orcid)0000-0001-5566-9746</subfield>
    <subfield code="a">María Cruz Pérez, Yus</subfield>
    <subfield code="1">509044</subfield>
  </datafield>
  <datafield tag="700" ind1=" " ind2=" ">
    <subfield code="0">(orcid)0000-0002-2437-1207</subfield>
    <subfield code="a">Oscar Peris, Baquero</subfield>
    <subfield code="1">544053</subfield>
  </datafield>
  <datafield tag="700" ind1=" " ind2=" ">
    <subfield code="0">(orcid)0000-0003-4147-1821</subfield>
    <subfield code="a">Adrián Ponz, Miranda</subfield>
    <subfield code="1">379054</subfield>
  </datafield>
  <datafield tag="700" ind1=" " ind2=" ">
    <subfield code="0">(orcid)0000-0002-8862-7240</subfield>
    <subfield code="a">Marta Puebla, Guedea</subfield>
    <subfield code="1">550149</subfield>
  </datafield>
  <datafield tag="700" ind1=" " ind2=" ">
    <subfield code="0">(orcid)0000-0001-8473-8114</subfield>
    <subfield code="a">Alberto Quílez, Robres</subfield>
    <subfield code="1">489334</subfield>
  </datafield>
  <datafield tag="700" ind1=" " ind2=" ">
    <subfield code="0">(orcid)0000-0002-0635-1085</subfield>
    <subfield code="a">Andrea Sofía Regueira, Martín</subfield>
    <subfield code="1">498973</subfield>
  </datafield>
  <datafield tag="700" ind1=" " ind2=" ">
    <subfield code="0">(orcid)0000-0002-4140-6934</subfield>
    <subfield code="a">Fernando Repullés, Sánchez</subfield>
    <subfield code="1">102275</subfield>
  </datafield>
  <datafield tag="700" ind1=" " ind2=" ">
    <subfield code="a">David Resines, Alcaine</subfield>
    <subfield code="1">795344</subfield>
  </datafield>
  <datafield tag="700" ind1=" " ind2=" ">
    <subfield code="0">(orcid)0000-0002-9140-2974</subfield>
    <subfield code="a">Ana Rodríguez, Martínez</subfield>
    <subfield code="1">559082</subfield>
  </datafield>
  <datafield tag="700" ind1=" " ind2=" ">
    <subfield code="0">(orcid)0000-0002-6499-963X</subfield>
    <subfield code="a">Paula Romo, Mayor</subfield>
    <subfield code="1">622329</subfield>
  </datafield>
  <datafield tag="700" ind1=" " ind2=" ">
    <subfield code="a">Daniel Sainza, Corral</subfield>
    <subfield code="1">184109</subfield>
  </datafield>
  <datafield tag="700" ind1=" " ind2=" ">
    <subfield code="0">(orcid)0000-0002-9557-4191</subfield>
    <subfield code="a">Annabella Salamanca, Villate</subfield>
    <subfield code="1">391201</subfield>
  </datafield>
  <datafield tag="700" ind1=" " ind2=" ">
    <subfield code="0">(orcid)0000-0002-8072-2390</subfield>
    <subfield code="a">Carlos Enrique Salavera, Bordas</subfield>
    <subfield code="1">308305</subfield>
  </datafield>
  <datafield tag="700" ind1=" " ind2=" ">
    <subfield code="0">(orcid)0000-0003-2624-7477</subfield>
    <subfield code="a">Marta Sampériz, Hernández</subfield>
    <subfield code="1">608165</subfield>
  </datafield>
  <datafield tag="700" ind1=" " ind2=" ">
    <subfield code="a">Ester Sánchez, Sánchez</subfield>
    <subfield code="1">837168</subfield>
  </datafield>
  <datafield tag="700" ind1=" " ind2=" ">
    <subfield code="0">(orcid)0000-0003-0645-9640</subfield>
    <subfield code="a">María Pilar Sánchez, Lucia</subfield>
    <subfield code="1">131675</subfield>
  </datafield>
  <datafield tag="700" ind1=" " ind2=" ">
    <subfield code="0">(orcid)0000-0002-0785-4952</subfield>
    <subfield code="a">Susana Alicia Sarfson, Gleizer</subfield>
    <subfield code="1">385066</subfield>
  </datafield>
  <datafield tag="700" ind1=" " ind2=" ">
    <subfield code="0">(orcid)0000-0003-0265-4174</subfield>
    <subfield code="a">María Asunción Sebastián, Martín</subfield>
    <subfield code="1">102695</subfield>
  </datafield>
  <datafield tag="700" ind1=" " ind2=" ">
    <subfield code="0">(orcid)0009-0007-9320-6751</subfield>
    <subfield code="a">Manuel Segura, Berges</subfield>
    <subfield code="1">650596</subfield>
  </datafield>
  <datafield tag="700" ind1=" " ind2=" ">
    <subfield code="0">(orcid)0000-0002-3261-0140</subfield>
    <subfield code="a">Juan Senís, Fernández</subfield>
    <subfield code="1">391147</subfield>
  </datafield>
  <datafield tag="700" ind1=" " ind2=" ">
    <subfield code="0">(orcid)0000-0003-3704-3533</subfield>
    <subfield code="a">Rosa María Serrano, Pastor</subfield>
    <subfield code="1">421061</subfield>
  </datafield>
  <datafield tag="700" ind1=" " ind2=" ">
    <subfield code="0">(orcid)0000-0001-7861-2400</subfield>
    <subfield code="a">Verónica Sierra, Sánchez</subfield>
    <subfield code="1">579491</subfield>
  </datafield>
  <datafield tag="700" ind1=" " ind2=" ">
    <subfield code="0">(orcid)0000-0003-2033-9792</subfield>
    <subfield code="a">Rebeca Soler, Costa</subfield>
    <subfield code="1">474209</subfield>
  </datafield>
  <datafield tag="700" ind1=" " ind2=" ">
    <subfield code="0">(orcid)0000-0003-0563-5948</subfield>
    <subfield code="a">Juana María Soriano, Bozalongo</subfield>
    <subfield code="1">383512</subfield>
  </datafield>
  <datafield tag="700" ind1=" " ind2=" ">
    <subfield code="0">(orcid)0000-0001-7480-0359</subfield>
    <subfield code="a">Natxo Sorolla, Vidal</subfield>
    <subfield code="1">457954</subfield>
  </datafield>
  <datafield tag="700" ind1=" " ind2=" ">
    <subfield code="0">(orcid)0000-0001-5914-5587</subfield>
    <subfield code="a">Burcu Gülüm Tekin,  </subfield>
    <subfield code="1">792414</subfield>
  </datafield>
  <datafield tag="700" ind1=" " ind2=" ">
    <subfield code="0">(orcid)0000-0002-0566-5680</subfield>
    <subfield code="a">Eva Urbón, Ladrero</subfield>
    <subfield code="1">345799</subfield>
  </datafield>
  <datafield tag="700" ind1=" " ind2=" ">
    <subfield code="0">(orcid)0000-0002-2304-5629</subfield>
    <subfield code="a">Raúl Ursúa, Astrain</subfield>
    <subfield code="1">793520</subfield>
  </datafield>
  <datafield tag="700" ind1=" " ind2=" ">
    <subfield code="0">(orcid)0000-0003-2206-2299</subfield>
    <subfield code="a">Sandra Vázquez, Toledo</subfield>
    <subfield code="1">465247</subfield>
  </datafield>
  <datafield tag="700" ind1=" " ind2=" ">
    <subfield code="a">Maria Pilar Villarrocha, Ardisa</subfield>
    <subfield code="1">533616</subfield>
  </datafield>
  <datafield tag="700" ind1=" " ind2=" ">
    <subfield code="0">(orcid)0000-0002-1309-4726</subfield>
    <subfield code="a">Felipe Javier Zamorano, Valenzuela</subfield>
    <subfield code="1">916342</subfield>
  </datafield>
  <datafield tag="830" ind1=" " ind2=" ">
    <subfield code="9">301</subfield>
  </datafield>
  <datafield tag="830" ind1=" " ind2=" ">
    <subfield code="9">302</subfield>
  </datafield>
  <datafield tag="830" ind1=" " ind2=" ">
    <subfield code="9">303</subfield>
  </datafield>
  <datafield tag="856" ind1="4" ind2=" ">
    <subfield code="s">15564</subfield>
    <subfield code="u">http://zaguan.unizar.es/record/157242/files/guia-26578-en.pdf</subfield>
    <subfield code="y">Guide (english)</subfield>
  </datafield>
  <datafield tag="856" ind1="4" ind2=" ">
    <subfield code="s">33773</subfield>
    <subfield code="u">http://zaguan.unizar.es/record/157242/files/guia-26578-es.pdf</subfield>
    <subfield code="y">Guía (idioma español)</subfield>
  </datafield>
  <datafield tag="521" ind1=" " ind2=" ">
    <subfield code="9">117</subfield>
    <subfield code="a">Grado en Magisterio en Educación Infantil</subfield>
    <subfield code="b">Degree in Nursery School Education</subfield>
  </datafield>
  <datafield tag="980" ind1=" " ind2=" ">
    <subfield code="a">GDOC</subfield>
    <subfield code="b">Ciencias Sociales y Jurídicas</subfield>
    <subfield code="b">Social Sciences and Law</subfield>
    <subfield code="c">202</subfield>
    <subfield code="c">107</subfield>
    <subfield code="c">301</subfield>
  </datafield>
</record>
</collection>